000 00703nas a2200253 4500
001 BR2014000702
003 BR-BrBNA
005 20231205123633.0
007 ta
008 230509b bl.|||p| |||| 00| 00por d
040 _aBR-BrBNA
_bpor
_cBiblioteca Nacional de Agricultura
041 _a(Pt)
072 _aL73
100 1 _aTonin, F.
245 1 _aÚltima barreira para nacionalização
650 _aDOENÇA ANIMAL
650 _aPROFILAXIA
650 _aIMPORTAÇÃO
650 _aQUARENTENA
650 _aZOONOSE
773 0 _tRevista CFMV (Brazil)
_xISSN 1517-6959
_g(Sep-Dec 2013), v. 19(60) p. 34-36
_wBR2014000702
909 _a202311
_bLúcia
_c55
_dLúcia Elande
942 _2AGRIS
_n0
_cANA
999 _c234920
_d234920